| 000 | 00837cab a22002055a 4500 | ||
|---|---|---|---|
| 001 | L158565 | ||
| 008 | 150428e20150411xxk 000 0 eng d | ||
| 035 | _a(Sirsi) u158565 | ||
| 041 | 0 | _aeng | |
| 100 | 1 | _aJeffries, Stuart | |
| 245 | 0 | 0 | _aRetained mines and minerals |
| 260 | _c2015 | ||
| 490 |
_aEstates Gazette _v(1514) 11 April 2015, 76-78(3) |
||
| 520 | _aExamines the issues that arise with reservations of mines and minerals as the extent of parties' rights in relation to them are often important factors in sales and development. Considers the correct approach to the interpretation of a reservation of what minerals are and what right of access or working are reserved. First of two articles. | ||
| 590 | _aKA | ||
| 651 | 4 | _aUnited Kingdom | |
| 690 |
_aMinerals and waste _96257 |
||
| 700 | 1 | _aBhaloo, Zia | |
| 942 | _n0 | ||
| 999 |
_c84626 _d84626 |
||